00329nam a2200121Ia 4500008004100000082001700041100001400058245006000072250000800132260004300140300000800183650001600191191201s2005 xx 000 0 und d a621.382bSHF aSHAH, K K 0aFundamentals of Basic Analog (CW) Communication Systems a1st aN.DelhibDhanpat Rai Pub (P) Ltdc2005 a667 aB.Tech(ECE)